000 00364nam a2200145Ia 4500
008 090124s9999 xx 000 0 und d
082 _b201803
245 _a कालकूट
250 _a3
260 _bआपटे हरी नारायण
_c1964
300 _a124
630 _a कालकूट
730 _a कालकूट
942 _cBOOK
999 _c183384
_d183384